000 00595nam a2200193Ia 4500
003 GCL
008 140319s9999 xx 000 0 ara d
040 _aGCL /
_cGCL
082 0 4 _a239.4
_bع د
100 1 _aعبدالعزيز كامل
245 1 0 _aدروس من غزوة أحد /
_cعبدالعزيز كامل
260 _a[S.N] :
_b2000 للثقافة والنشر ،
_c1983
300 _a188ص
490 _aالسلسلة الشعرية الثانية
_v0
650 0 4 _aالاسلام
650 0 4 _aغزوة احد
650 0 4 _aالغزوات الاسلامية
942 _2ddc
_cBK
999 _c29366
_d29366